Представление документа в формате RUSMARC

ПолеНазваниеЗначение
  Тип записи a
  Библиографический уровень a
001 Контрольный номер RU/CBS_UL/BASE/ac07f9d485f8431ab817c672f3b7bb93
005 Дата корректировки 20231005163440.2
100 Данные общей обработки __
a Данные общей обработки 20231005 ||| 0rusy0189 ca
101 Язык документа 0_
a Язык текста rus
102 Страна публикации __
a Страна публикации RU
200 Заглавие и сведения об ответственности 1_
a Заглавие Разные яйца
e Сведения, относящиеся к заглавию [форма яиц разных птиц]
300 Общие примечания __
a Общие примечания 6+
461 Уровень набора _0
1 2000
a Наш Филиппок
463 Уровень физической единицы _0
1 2000
a № 6
v С. 32-33 : фото
1 2101
d 2023
1 001RU/CBS_UL/BASE/0cb4a6dba6e440119ff5d3b44886aec1
606 Тематические рубрики 0_
a Основная рубрика Птицы - Яйца
610 Ключевые слова 0_
a Ключевые слова птицы
610 Ключевые слова 0_
a Ключевые слова яйца птиц
610 Ключевые слова 0_
a Ключевые слова страусиные яйца
610 Ключевые слова 0_
a Ключевые слова яйца эму
610 Ключевые слова 0_
a Ключевые слова яйца кайры
610 Ключевые слова 0_
a Ключевые слова яйца чёрного дрозда
610 Ключевые слова 0_
a Ключевые слова яйца колибри
686 Индексы других классификаций __
2 Код системы rubbk
a Классификационный индекс 28.693.35
801 Источник записи _0
a Страна RU
b Организация МБУК ЦБС г. Ульяновска
c Дата составления 20231005
g Правила каталогизации RCR
801 Источник записи _1
a Страна RU
b Организация МБУК ЦБС г. Ульяновска
c Дата составления 20231005
g Правила каталогизации RCR
901 Тип документа __
t Тип документа b
w Контрольный № источника RU/CBS_UL/BASE/0cb4a6dba6e440119ff5d3b44886aec1